00737nam a2200229 a 450000100100000000500170001000800410002701000130006802000150008104000230009605000230011910000320014224500720017426000470024630000340029344000350032750400300036250000200039265000350041265000410044708200190048800001563520200929164111.0830723s1983 ilua b 001 0 eng  a82073406 a0870943677 aDO-SdBNPcDLCdDLC00aRC480.7b.P37 19831 aPascal, Gerald Ross,d1906-14aThe practical art of diagnostic interviewing /cGerald Ross Pascal. aHomewood, Ill. :bDow Jones-Irwin,cc1983. avii, 124 p. :bill. ;c24 cm. 4aThe Dorsey professional series aBibliography: p. 121-122. aIncludes index. 0aInterviewing in mental health. 0aPsychology, pathologicalxDiagnosis.00a616.89/075219